| 000 | 00612nam a22001697a 4500 | ||
|---|---|---|---|
| 003 | MACL | ||
| 005 | 20160726122820.0 | ||
| 008 | 160726b xxu||||| |||| 00| 0 eng d | ||
| 040 | _cMACL | ||
| 041 | _aHindi | ||
| 082 | _a500 PRA | ||
| 100 |
_aप्रकाश, प्रियदर्शी _965322 |
||
| 245 |
_aविज्ञान पृथ्वी और मानव _cप्रियदर्शी प्रकाशन |
||
| 260 |
_aहापुड _bसाक्षरता केन्द्र _c2014 |
||
| 650 |
_aशुद्ध विज्ञान _965192 |
||
| 942 |
_2ddc _cHIN |
||
| 999 |
_c54983 _d54983 |
||